| 000 | 00720nam a22002057a 4500 | ||
|---|---|---|---|
| 999 |
_c19188 _d19188 |
||
| 003 | AR-CdUCM | ||
| 008 | 190516b ||||| |||| 00| 0 spa d | ||
| 040 |
_aMUNICIPALIDAD PROVINCIAL DEL CUSCO _cBIBLIOTECA MUNICIPAL DEL CUSCO |
||
| 082 |
_a945.091 / _bM96 |
||
| 100 |
_aMassoul, Henry _940377 |
||
| 245 |
_aLa lección de Mussolini : _bcomo muere una democracia : _bcomo nace una dictadura / |
||
| 260 |
_aSantiago de Chile : _bErcilla, _c1936. |
||
| 300 |
_a209 páginas ; _c23 cm. |
||
| 505 | _aContenido: Como muere un régimen -- Mussolini se instala -- EL fascismo... | ||
| 650 |
_aMussolini _940378 |
||
| 650 |
_aFascismo _93453 |
||
| 650 |
_aItalia _92273 |
||
| 942 |
_2ddc _cLIBROS |
||
| 945 |
_adavv _d2019-05-16 |
||